[Event "Wch U20"]
[Site "Yerevan"]
[Date "1999.09.19"]
[Round "2"]
[White "Atakisi, Umut"]
[Black "Gershon, Alik"]
[Result "0-1"]
[WhiteElo "2238"]
[BlackElo "2492"]

1.e4 c5 2.Nf3 Nc6 3.d4 cxd4 4.Nxd4 Nf6 5.Nc3 d6 6.Bg5 e6 7.Qd2 a6 8.O-O-O h6
9.Be3 Be7 10.f3 Nxd4 11.Bxd4 b5 12.Kb1 Rb8 13.Qf2 b4 14.Ne2 Qa5 15.Nc1 e5
16.Be3 Be6 17.Bd3 d5 18.Nb3 Qc7 19.exd5 Nxd5 20.Bc5 Nc3+ 21.bxc3 Bxb3 22.cxb3 Bxc5
23.Qe1 Qe7 24.Qe4 bxc3 25.Qc6+ Kf8 26.Bc4 Bd4 27.Rhe1 Rd8 28.Re2 g6 29.Qxa6 Kg7
30.Qc6 Rc8 31.Qe4 Rxc4 32.bxc4 Rb8+ 33.Kc2 Rb2+ 34.Kd3 Qa3 35.Rc2 Rxc2 36.Kxc2 Qb2+
37.Kd3 c2  0-1

[Event "Wch U20"]
[Site "Yerevan"]
[Date "1999.09.21"]
[Round "4"]
[White "Atakisi, Umut"]
[Black "Budnikov, O."]
[Result "0-1"]
[WhiteElo "2238"]
[BlackElo "2331"]

1.e4 c5 2.Nf3 Nc6 3.d4 cxd4 4.Nxd4 Nf6 5.Nc3 d6 6.Bg5 e6 7.Qd2 a6 8.O-O-O h6
9.Bf4 Bd7 10.Nxc6 Bxc6 11.Qe1 Qc7 12.Nd5 Bxd5 13.exd5 e5 14.Kb1 Be7 15.Be3 O-O
16.f4 Ng4 17.fxe5 Nxe5 18.Qg3 Rac8 19.c3 Kh8 20.Bd4 Bf6 21.Bd3 g6 22.h4 h5
23.Qf4 Bg7 24.Rh3 f5 25.Rg3 Kh7 26.Bc2 Qf7 27.Be3 Rc4 28.Bd4 Ng4 29.Qxd6 Bxd4
30.Rxd4 Rxd4 31.cxd4 Re8 32.a3 Nf6 33.Rf3 Ne4 34.Qf4 Qxd5 35.Qc7+ Kh8 36.Bb3 Nd2+
37.Ka2 Nxb3 38.Rxb3 b5 39.Qc5 Rd8 40.Qb6 Rd6 41.Qb8+ Kg7 42.Qc7+ Rd7 43.Qb6 Qd6
44.Qa5 Qe6 45.Qc3 Qc4 46.Qxc4 bxc4 47.Rb6 Rxd4 48.Rxa6 Rxh4 49.a4 Rd4 50.a5 Rd5
51.Ka3 Rb5 52.Ra7+ Kf6 53.a6 Kg5 54.Ra8 h4 55.a7 Rb7 56.Ka2 Kg4 57.Kb1 g5
58.Kc2 Kf4 59.Kc3 Rc7 60.Kd4 g4 61.Kd5 Kg3 62.Kd6 Rh7 63.Kc6 Kxg2 64.Kb6 h3  0-1

[Event "Wch U20"]
[Site "Yerevan"]
[Date "1999.09.22"]
[Round "5"]
[White "Blehm, Pawel"]
[Black "Arutunian, D."]
[Result "1-0"]
[WhiteElo "2479"]
[BlackElo "2318"]

1.e4 c5 2.Nf3 Nc6 3.d4 cxd4 4.Nxd4 Nf6 5.Nc3 d6 6.Bg5 e6 7.Qd2 a6 8.O-O-O Bd7
9.f3 Be7 10.h4 b5 11.Nxc6 Bxc6 12.Ne2 Bb7 13.Nd4 O-O 14.Kb1 Rc8 15.Bd3 Qc7
16.g4 Rfd8 17.Be3 d5 18.e5 Nd7 19.f4 Nb6 20.Qe2 Nc4 21.Bc1 Bc5 22.Nb3 Bb6
23.g5 d4 24.Rh2 Ne3 25.Re1 Nf5 26.Nd2 Ba5 27.Rg1 Bxd2 28.Bxd2 Bd5 29.Qe1 Qc6
30.b3 Rd7 31.h5 Ra8 32.a3 g6 33.Kb2 Rb8 34.Bb4 Qa8 35.Bxf5 exf5 36.e6 fxe6
37.hxg6 Be4 38.gxh7+ Rxh7 39.Rxh7 Kxh7 40.g6+ Kg8 41.Qh4 Rb7 42.Be7  1-0

[Event "Wch U20"]
[Site "Yerevan"]
[Date "1999.09.23"]
[Round "6"]
[White "Vuckovic, Bojan"]
[Black "Marcelin, Cyril"]
[Result "1/2-1/2"]
[WhiteElo "2433"]
[BlackElo "2395"]

1.e4 c5 2.Nf3 Nc6 3.d4 cxd4 4.Nxd4 Nf6 5.Nc3 d6 6.Bg5 e6 7.Qd2 a6 8.O-O-O Bd7
9.f4 b5 10.Bxf6 gxf6 11.Kb1 Qb6 12.Nce2 h5 13.f5 Bh6 14.Qe1 Nxd4 15.Nxd4 e5
16.Ne2 b4 17.Nc1 Ke7 18.Bc4 a5 19.Qe2 Rac8 20.Rhf1 Rc7 21.b3 Bg5 22.Rf3 h4
23.Rfd3 Rhc8 24.Rxd6 Qxd6 25.Rxd6 Kxd6 26.Qd3+ Kc5 27.Qd5+ Kb6 28.Nd3 Be8
29.a3 bxa3 30.Qd6+ Rc6 31.Qxa3 Be3 32.Bd5 Rxc2 33.Qd6+ Ka7 34.Bc4 Rxg2 35.Qe7+ Kb6
36.Qxf6+ Bc6 37.Nxe5 Bg5 38.Qd6 Rg1+ 39.Kc2 Rg2+ 40.Kb1 Rg1+ 41.Kc2 Rg2+
42.Kb1  1/2-1/2

[Event "Wch U20"]
[Site "Yerevan"]
[Date "1999.09.25"]
[Round "8"]
[White "Atakisi, Umut"]
[Black "Benkovic, Petar"]
[Result "1-0"]
[WhiteElo "2238"]
[BlackElo "2328"]

1.e4 c5 2.Nf3 Nc6 3.d4 cxd4 4.Nxd4 Nf6 5.Nc3 d6 6.Bg5 e6 7.Qd2 a6 8.O-O-O h6
9.Be3 Be7 10.f4 Nxd4 11.Bxd4 b5 12.Kb1 Bb7 13.Bd3 Qc7 14.e5 dxe5 15.fxe5 Nd7
16.Ne4 Bxe4 17.Bxe4 Rc8 18.c3 O-O 19.Qe2 Rfd8 20.Rhf1 Nf8 21.Qf2 Bc5 22.g4 Rd7
23.Rd3 b4 24.Bxc5 Qxc5 25.cxb4 Qc4 26.Rxd7 Nxd7 27.Qxf7+ Kh8 28.Ka1 Nf6 29.exf6 Qxf1+
30.Bb1 Qxf6 31.Qb7 Rd8 32.Qxa6 g6 33.Qc4 Kg8 34.b5 Rd4 35.Qb3 Qe7 36.h3 Rb4
37.Qc2 Qf6 38.a3 Rd4 39.b6 Rd8  1-0

[Event "Wch U20"]
[Site "Yerevan"]
[Date "1999.09.27"]
[Round "10"]
[White "Brulic, Denis"]
[Black "Lipinsky, Fabian"]
[Result "0-1"]
[WhiteElo "2121"]
[BlackElo "2331"]

1.e4 c5 2.Nf3 d6 3.d4 cxd4 4.Nxd4 Nf6 5.Nc3 Nc6 6.Bg5 e6 7.Qd2 Be7 8.O-O-O Nxd4
9.Qxd4 a6 10.f4 b5 11.Be2 Bb7 12.Bf3 Rc8 13.Rhe1 Rc4 14.Qd3 Qc7 15.Bxf6 gxf6
16.Ne2 b4 17.Nd4 O-O 18.Kb1 Rc8 19.Be2 Rxd4 20.Qxd4 Qxc2+ 21.Ka1 d5 22.Bd3 Qc7
23.exd5 Bxd5 24.Re3 Kf8 25.Rg3 Qa5 26.Bb1 Rc4 27.Qa7 f5 28.Qb8+ Qd8 29.Qe5 Bf6
30.Rxd5 exd5 31.Qxf5 a5 32.Rd3 Qd6 33.Qxd5 Qxd5 34.Rxd5 a4 35.Bxh7 Rc1+ 36.Bb1 a3
37.Re5 Bxe5 38.fxe5 Rh1 39.bxa3 bxa3 40.h3 Ke7 41.g4 Rxh3 42.g5 Rg3 43.g6 fxg6
44.e6 Kxe6 45.Be4 Ke5 46.Bb1 g5 47.Bh7 Kf4 48.Bb1 Rc3 49.Bh7 g4 50.Bb1 g3
51.Bh7 g2 52.Bb1 Ke3  0-1

[Event "Alushta2"]
[Site "Alushta"]
[Date "1999.09.28"]
[Round "11"]
[White "Bets, Anatolij"]
[Black "Sharapov, Eugeny"]
[Result "1/2-1/2"]
[WhiteElo "2417"]
[BlackElo "2385"]

1.e4 c5 2.Nf3 d6 3.d4 cxd4 4.Nxd4 Nf6 5.Nc3 Nc6 6.Bg5 e6 7.Qd2 Be7 8.O-O-O O-O
9.f4 Nxd4 10.Qxd4 Qa5 11.Bc4 Bd7 12.e5 dxe5 13.fxe5 Bc6 14.Bd2 Nd7 15.Nd5 Qd8
16.Nxe7+ Qxe7 17.Rhe1 Rfd8 18.Qg4 Nf8  1/2-1/2

[Event "Wch U20"]
[Site "Yerevan"]
[Date "1999.09.28"]
[Round "11"]
[White "Gershon, Alik"]
[Black "Vuckovic, Bojan"]
[Result "1-0"]
[WhiteElo "2492"]
[BlackElo "2433"]

1.e4 c5 2.Nf3 d6 3.d4 cxd4 4.Nxd4 Nf6 5.Nc3 Nc6 6.Bg5 e6 7.Qd2 a6 8.O-O-O Nxd4
9.Qxd4 Be7 10.f4 b5 11.Bxf6 gxf6 12.Be2 Qc7 13.Bf3 Bb7 14.Kb1 Rc8 15.f5 Qc5
16.Qd2 Qe5 17.Rhe1 Rc4 18.Re3 Qxh2 19.b3 Rc5 20.Ne2 Bc8 21.Nc1 exf5 22.Nd3 Re5
23.Nxe5 fxe5 24.exf5 Bxf5 25.Bc6+ Kf8 26.Rf1 Qh5 27.Ref3 Bg6 28.Bd5 f6 29.Qc3 Qg5
30.Qc8+ Kg7 31.Qd7 Re8 32.Be4 Bxe4 33.Qxe8 f5 34.Rc3 Kf6 35.Rc7 Qg7 36.g4 Qf8
37.g5+  1-0

[Event "Wch U20"]
[Site "Yerevan"]
[Date "1999.09.28"]
[Round "11"]
[White "Galkin, Alexander"]
[Black "Blehm, Pawel"]
[Result "1/2-1/2"]
[WhiteElo "2535"]
[BlackElo "2479"]

1.e4 c5 2.Nf3 d6 3.d4 cxd4 4.Nxd4 Nf6 5.Nc3 Nc6 6.Bg5 e6 7.Qd2 a6 8.O-O-O Be7
9.f4 Nxd4 10.Qxd4 b5 11.Bxf6 gxf6 12.Be2 Qc7 13.Bf3 Bb7 14.Kb1 Qc5 15.Qd2 O-O-O
16.Rhe1 h5 17.Re3 Kb8 18.h3 b4 19.Na4 Qb5 20.b3 d5 21.exd5 Bxd5 22.Bxd5  1/2-1/2

[Event "Pan American-ch U18"]
[Site "Matinhos"]
[Date "1999.10.03"]
[Round "3"]
[White "Sarkar, Justin"]
[Black "Uribe, Mauricio"]
[Result "1/2-1/2"]
[WhiteElo "2262"]
[BlackElo "2208"]

1.e4 c5 2.Nf3 Nc6 3.d4 cxd4 4.Nxd4 Nf6 5.Nc3 d6 6.Bg5 Bd7 7.Qd2 Rc8 8.O-O-O Nxd4
9.Qxd4 Qa5 10.f4 Rxc3 11.bxc3 e5 12.Qb4 Qxb4 13.cxb4 Nxe4 14.Bh4 g5 15.fxg5 Be7
16.Bc4 Nxg5 17.Kb2 Ne6 18.Bxe7 Kxe7 19.Rd2 Bc6 20.Rhd1 Rd8 21.Bd5 Nf4 22.c4 f5
23.g3 Ne6 24.a4 Nd4 25.Rxd4 exd4 26.Rxd4 Bxd5 27.Rxd5 Ke6 28.Kc3 Rf8 29.Rd4 Ke5
30.Rh4 Rf7 31.Kd3 b6 32.Rh5 Rg7 33.Rh6 Rc7 34.Rh5 Rg7 35.Rh4 Rc7 36.Rd4 Rg7
37.a5 bxa5 38.Rd5+ Ke6 39.Rxa5 h5 40.Ra6 Ke5 41.Ra5+ Ke6 42.Ra2 h4 43.gxh4 Rh7
44.Re2+ Kd7 45.Rf2 Rxh4 46.Rxf5 Kc6 47.b5+ Kb6 48.Rf2 Kc5 49.Rc2 d5 50.cxd5+ Kxd5
51.Ke3 Rb4 52.Rg2 Rb3+ 53.Kf2 Rb2+ 54.Kf3 Rb3+ 55.Kf4 Rb4+ 56.Kf5 Rxb5 57.h4 Kc4+
58.Kg4 a5  1/2-1/2

[Event "Tatry op"]
[Site "Tatranska Lomnica"]
[Date "1999.10.03"]
[Round "2"]
[White "Strasil, Pavel"]
[Black "Walek, Milan"]
[Result "0-1"]
[WhiteElo "2146"]
[BlackElo "2343"]

1.e4 c5 2.Nf3 d6 3.d4 cxd4 4.Nxd4 Nf6 5.Nc3 Nc6 6.Bg5 e6 7.Bb5 Bd7 8.Bxc6 bxc6
9.Qf3 e5 10.Nf5 h6 11.Bxf6 Qxf6 12.O-O-O d5 13.Ng3 Qxf3 14.gxf3 d4 15.Nce2 h5
16.h4 g6 17.c4 dxc3 18.Nxc3 Bc5 19.Rd2 Ke7 20.Nf1 Rhd8 21.Ne3 Be6 22.Rxd8 Rxd8
23.Kc2 Bc8 24.Na4 Bd4 25.Rd1 Ba6 26.Rd2 Rd6 27.Nc3 Bb6 28.Rxd6 Kxd6 29.Kd2 Bd8
30.Ng2 Bf1 31.Ne3 Bh3 32.Nc4+ Ke6 33.Na4 Bxh4 34.Nc5+ Kf6 35.Ke2 Bg5 36.Ne3 Bc8
37.Kf1 Ke7 38.b4 Kd8 39.a4 Be7 40.a5 Kc7 41.Nc2 Be6 42.Kg2 Bc8 43.Kg3 f5
44.Kg2 f4 45.Kh2 g5 46.Kg2 Bxc5 47.bxc5 Ba6 48.Nb4 Kb7 49.Kh2 Bb5 50.Kh3 Be2
51.Kg2 h4 52.Kg1 Bxf3 53.Nd3 Bxe4 54.Nxe5 Bd5  0-1

[Event "Wichern op 5th"]
[Site "Hamburg"]
[Date "1999.10.15"]
[Round "1"]
[White "Michalak, Guenther"]
[Black "Reddmann, Hauke"]
[Result "0-1"]
[WhiteElo "1949"]
[BlackElo "2357"]

1.e4 c5 2.Nf3 Nc6 3.d4 cxd4 4.Nxd4 Nf6 5.Nc3 d6 6.Bg5 a6 7.Qd2 Bd7 8.Bxf6 gxf6
9.O-O-O e6 10.Kb1 h5 11.Nb3 b5 12.Bxb5 axb5 13.Nxb5 Qb8 14.Nxd6+ Bxd6 15.Qxd6 Qxd6
16.Rxd6 Ke7 17.Rhd1 Be8 18.Nc5 Rg8 19.g3 Rg5 20.Nb3 h4 21.Nc1 hxg3 22.hxg3 Rg4
23.Ne2 Rxe4 24.Nf4 f5 25.Nh5 Ra7 26.b3 Nb4 27.R6d4 Nxa2 28.Kb2 Nb4 29.Rxe4 fxe4
30.Rd4 f5 31.Rxb4 Bxh5 32.Rb6 Rd7  0-1

[Event "BL9900 (Women)"]
[Site "Germany"]
[Date "1999.10.16"]
[Round "1.5"]
[White "Schuster, Birgit"]
[Black "Wagner Michel, Annett"]
[Result "1-0"]
[WhiteElo "2096"]
[BlackElo "2121"]

1.e4 c5 2.Nf3 Nc6 3.d4 cxd4 4.Nxd4 Nf6 5.Nc3 d6 6.Bg5 e6 7.Qd2 a6 8.O-O-O Bd7
9.f4 b5 10.Bxf6 gxf6 11.Nxc6 Bxc6 12.Qe1 h5 13.Kb1 Bh6 14.f5 Bf4 15.Bd3 Be5
16.Ne2 Ke7 17.Rf1 Qg8 18.g3 Qg4 19.Nf4 h4 20.Be2 Qg5 21.fxe6 fxe6 22.gxh4 Qh6
23.Nd3 Bxh2 24.h5 Rhg8 25.e5 Bxe5 26.Nxe5 fxe5 27.Qa5 Rgc8 28.Qb4 Bd5 29.Qh4+ Kd7
30.Rf7+ Kc6 31.Qe7 b4 32.Qd7+ Kc5 33.Qa4 Qe3 34.Bxa6 Bc6 35.Qa5+  1-0

[Event "EU-ch U20 Girls"]
[Site "Patras"]
[Date "1999.10.16"]
[Round "11"]
[White "Henriques, Sofia"]
[Black "Hitzgerova, Gabriela"]
[Result "0-1"]
[WhiteElo "2018"]
[BlackElo "2208"]

1.e4 c5 2.Nf3 d6 3.d4 cxd4 4.Nxd4 Nf6 5.Nc3 Nc6 6.Bg5 e6 7.Qd2 a6 8.O-O-O Bd7
9.f3 b5 10.g4 Be7 11.h4 b4 12.Nce2 Qa5 13.Kb1 Ne5 14.Ng3 Bb5 15.Nh5 Nxh5
16.gxh5 Bf8 17.Bd3 h6 18.Be3 Be7 19.Qg2 Bf6 20.f4 Nxd3 21.cxd3 Rc8 22.Qd2 Bd7
23.Nb3 Qb5 24.d4 O-O 25.e5 Be7 26.f5 Kh7 27.f6 gxf6 28.Bxh6 Rg8 29.Qf4 Bc6
30.exf6 Bf8 31.Bxf8 Rcxf8 32.Rhg1 Qxh5 33.Rc1 Qd5 34.Rg5 Qe4+ 35.Qxe4+ Bxe4+
36.Ka1 Rxg5 37.hxg5 Kg6 38.Nd2 Bd5 39.b3 Kxg5 40.Nc4 Kxf6 41.Nxd6 Kg5 42.Kb2 f5
43.a3 bxa3+ 44.Kxa3 f4  0-1

[Event "Wichern op 5th"]
[Site "Hamburg"]
[Date "1999.10.17"]
[Round "3"]
[White "Holzke, Frank"]
[Black "Baklan, Vladimir"]
[Result "1/2-1/2"]
[WhiteElo "2448"]
[BlackElo "2591"]

1.e4 c5 2.Nf3 d6 3.d4 cxd4 4.Nxd4 Nf6 5.Nc3 Nc6 6.Bg5 e6 7.Qd2 a6 8.O-O-O Bd7
9.f4 b5 10.Bxf6 gxf6 11.Kb1 b4 12.Nce2 Qb6 13.Qe1 a5 14.Qh4 Be7 15.Nxc6 Qxc6
16.f5 Rc8 17.Rd2 Qc5 18.Nf4 a4 19.fxe6 Bxe6 20.Qh5 Qxh5  1/2-1/2

[Event "Wichern op 5th"]
[Site "Hamburg"]
[Date "1999.10.20"]
[Round "7"]
[White "Rogers, Ian"]
[Black "Lugovoi, Aleksei"]
[Result "1/2-1/2"]
[WhiteElo "2574"]
[BlackElo "2509"]

1.e4 c5 2.Nf3 d6 3.d4 cxd4 4.Nxd4 Nf6 5.Nc3 Nc6 6.Bg5 e6 7.Qd2 a6 8.O-O-O Qb6
9.f3 Qxd4 10.Qxd4 Nxd4 11.Rxd4 Bd7 12.Bc4 Bc6 13.Rhd1 Rc8 14.Bb3 Nd7 15.a3 h6
16.Bh4 g5 17.Bg3 Ne5 18.Kb1 Be7 19.h3 h5 20.a4 Kf8 21.Ne2 Be8 22.Rb4 Rc7
23.Rbd4 Rc8 24.Rb4 Rc7 25.Rbd4  1/2-1/2

[Event "Wichern op 5th"]
[Site "Hamburg"]
[Date "1999.10.21"]
[Round "8"]
[White "Joecks, Christian"]
[Black "Lerner, Konstantin Z"]
[Result "0-1"]
[WhiteElo "2397"]
[BlackElo "2588"]

1.e4 c5 2.Nf3 d6 3.d4 cxd4 4.Nxd4 Nf6 5.Nc3 Nc6 6.Bg5 e6 7.Qd2 a6 8.O-O-O h6
9.Be3 Be7 10.h3 Nxd4 11.Bxd4 b5 12.Bxf6 gxf6 13.Bd3 Bb7 14.f4 Qa5 15.Kb1 b4
16.Ne2 Qc5 17.f5 e5 18.Nc1 a5 19.Qe2 a4 20.Bb5+ Kf8 21.Bc4 Rc8 22.b3 a3 23.Rhe1 h5
24.Qe3 Qxe3 25.Rxe3 Rg8 26.g3 Bc6 27.Be2 Rh8 28.Bc4 Ke8 29.Nd3 Rb8 30.Nf2 Kf8
31.Bd5 Bd7 32.c4 bxc3 33.Rxc3 Bd8 34.Bc6 Ba5 35.Rc4 Ke7 36.Bxd7 Kxd7 37.Ra4 Bb6
38.Rd2 Rhg8 39.g4 Ra8 40.Rxa8 Rxa8 41.gxh5 Bxf2 42.Rxf2 Rh8 43.Rf3 Rxh5 44.Kc2 Rh4
45.Re3 d5 46.b4 d4 47.Rxa3 Rxe4 48.Ra7+ Kc6 49.Rxf7 Re2+ 50.Kb3 Re3+ 51.Kc2 Rc3+
52.Kb2 e4 53.Rxf6+ Kd5 54.b5 Rc5 55.a4 Rc4 56.b6 Rxa4 57.Re6 Rb4+ 58.Kc2 d3+
59.Kc3 Rc4+ 60.Kd2 Rc2+ 61.Kd1 Rb2 62.Kc1 d2+ 63.Kd1 Kd4 64.Ke2 e3 65.Rd6+ Ke4
66.Re6+ Kf4  0-1

[Event "Wch U18"]
[Site "Oropesa del Mar"]
[Date "1999.10.24"]
[Round "1"]
[White "Atakisi, Umut"]
[Black "Acs, Peter"]
[Result "0-1"]
[WhiteElo "2238"]
[BlackElo "2525"]

1.e4 c5 2.Nf3 Nc6 3.d4 cxd4 4.Nxd4 Nf6 5.Nc3 d6 6.Bg5 e6 7.Qd2 a6 8.O-O-O Be7
9.f4 Nxd4 10.Qxd4 b5 11.Be2 Bb7 12.Bf3 Rc8 13.Kb1 Rc4 14.Qd3 Qc7 15.e5 Bxf3
16.Qxf3 dxe5 17.fxe5 Ng4 18.Bxe7 Kxe7 19.Rhe1 Rc8 20.h3 Nxe5 21.Qg3 b4 22.Rxe5 Kf8
23.Ne2 Re4  0-1

[Event "ARM-ch"]
[Site "Yerevan"]
[Date "1999.10.24"]
[Round "9"]
[White "Minasian, Ara"]
[Black "Sargissian, Gabriel"]
[Result "0-1"]
[WhiteElo "2483"]
[BlackElo "2470"]

1.e4 c5 2.Nf3 d6 3.d4 cxd4 4.Nxd4 Nf6 5.Nc3 Nc6 6.Bg5 e6 7.Qd2 a6 8.O-O-O h6
9.Bf4 Bd7 10.Nxc6 Bxc6 11.f3 d5 12.Qe1 Bb4 13.a3 Ba5 14.exd5 Nxd5 15.b4 Nxf4
16.Rxd8+ Bxd8 17.Ne2 Nxe2+ 18.Bxe2 O-O 19.Bd3 Bf6 20.Qe2 Rfc8 21.Kb1 b5 22.Be4 a5
23.Bxc6 Rxc6 24.Qxb5 Rca6 25.Ka2 axb4 26.Qxb4 R6a7 27.c4 Ra4 28.Qc5 R8a5
29.Qd6 Rxc4 30.Qb8+ Kh7 31.Qb1+ g6 32.Rd1 Rac5 33.Qb7 Rc7 34.Qb6 R4c6 35.Qb8 Rc8
36.Qb7 R6c7 37.Qa6 Rb8 38.Qe2 Rcb7 39.Rd2 Rb1  0-1

[Event "Wch U16 Girls"]
[Site "Oropesa del Mar"]
[Date "1999.10.27"]
[Round "4"]
[White "Gara, Anita"]
[Black "Cmilyte, Viktorija"]
[Result "1-0"]
[WhiteElo "2260"]
[BlackElo "2354"]

1.e4 c5 2.Nf3 d6 3.d4 Nf6 4.Nc3 cxd4 5.Nxd4 Nc6 6.Bg5 e6 7.Qd2 a6 8.O-O-O Qb6
9.Nb3 Qc7 10.f4 b5 11.Bxf6 gxf6 12.Kb1 Bb7 13.g3 O-O-O 14.Bh3 Kb8 15.f5 Bc8
16.Rhf1 Be7 17.Qe2 h5 18.Nd4 Nxd4 19.Rxd4 h4 20.Bg4 hxg3 21.hxg3 Qc5 22.Rfd1 Bd7
23.Qg2 Rhg8 24.Qf3 Rc8 25.R4d2 Rc7 26.Ne2 Rb7 27.Bh3 b4 28.Nf4 Qc4 29.Rd4 Qc8
30.fxe6 fxe6 31.Qb3 a5 32.Bxe6 Bxe6 33.Nxe6 a4 34.Qd5 Rxg3 35.Rc4 Qd7 36.Nd4 Bd8
37.Nc6+ Ka8 38.Nxd8 Qxd8 39.Rxb4 Qd7 40.Rxb7 Qxb7 41.Qxd6 Rg8 42.Qxf6 Qxe4
43.a3 Qc4 44.Qd4 Qc6 45.Qd5 Qxd5 46.Rxd5 Rg4 47.Rb5 Rg1+ 48.Ka2 Rc1 49.c3  1-0

[Event "Wch U16"]
[Site "Oropesa del Mar"]
[Date "1999.10.27"]
[Round "4"]
[White "Zubov, Alexander"]
[Black "Paehtz, Thomas Jr"]
[Result "1-0"]
[WhiteElo "2479"]
[BlackElo "2192"]

1.Nf3 c5 2.e4 d6 3.d4 cxd4 4.Nxd4 Nf6 5.Nc3 Nc6 6.Bg5 e6 7.Qd2 a6 8.O-O-O Bd7
9.f3 Be7 10.h4 Rc8 11.g4 h5 12.gxh5 Nxh5 13.Rg1 Nxd4 14.Qxd4 Rc6 15.Qd2 g6
16.Kb1 Bf6 17.e5 dxe5 18.Ne4 Be7 19.Bxe7 Qxe7 20.Qa5 b5 21.a4 O-O 22.axb5 axb5
23.Bxb5 Rc5 24.Qb4 Bxb5 25.Qxc5 Qxc5 26.Nxc5 Bc6 27.Nd7 Bxf3 28.Nxf8 Kxf8
29.b4 e4 30.b5 f5 31.b6 e3 32.Rde1 f4 33.Rgf1  1-0

[Event "Wch U18 Girls"]
[Site "Oropesa del Mar"]
[Date "1999.10.28"]
[Round "5"]
[White "Jurkiewicz, Katarzyna"]
[Black "Aarthie, R."]
[Result "0-1"]
[WhiteElo "2225"]
[BlackElo "2141"]

1.e4 c5 2.Nf3 Nc6 3.d4 cxd4 4.Nxd4 Nf6 5.Nc3 d6 6.Bg5 e6 7.Qd3 a6 8.O-O-O Nxd4
9.Qxd4 Be7 10.f4 b5 11.Bxf6 gxf6 12.e5 d5 13.Kb1 Rg8 14.Bd3 f5 15.Qf2 Bb7
16.Ne2 Qc7 17.Nd4 Bc5 18.Be2 Qb6 19.Bf3 a5 20.h3 b4 21.g4 fxg4 22.hxg4 a4
23.Rxh7 b3 24.cxb3 axb3 25.a3 Ra4 26.Qh4 Rxd4 27.Rh8 Rxh8 28.Qxh8+ Bf8 29.f5 Rxd1+
30.Bxd1 Qg1 31.Kc1 d4 32.fxe6 Qe3+  0-1

[Event "28th It"]
[Site "Lazarevac YUG"]
[Date "1999.11.01"]
[Round "2"]
[White "Ninov,N"]
[Black "Zontakh,A"]
[Result "1-0"]
[WhiteElo "2454"]
[BlackElo "2535"]

1.e4 c5 2.Nf3 Nc6 3.d4 cxd4 4.Nxd4 Nf6 5.Nc3 d6 6.Bg5 e6 7.Qd2 a6 8.O-O-O h6
9.Bf4 Bd7 10.Nxc6 Bxc6 11.f3 d5 12.Qe1 Bb4 13.a3 Ba5 14.exd5 Nxd5 15.b4 Nxf4
16.Rxd8+ Bxd8 17.h4 O-O 18.Rh2 b5 19.Qe3 Bf6 20.Qxf4 Bxc3 21.Qe3 Ba1 22.g4 Rfc8
23.Kb1 a5 24.bxa5 Rxa5 25.Kxa1 b4 26.Qb6 Rxa3+ 27.Kb2 Bd5 28.Qxb4 Raa8 29.Qf4 Ra2+
30.Kb1 Rca8 31.Bd3 Ra1+ 32.Kb2 R1a4 33.Qd6 Bxf3 34.g5 Bd5 35.gxh6 gxh6 36.Rh3 Rg4
37.c4 Bb7 38.Rg3  1-0

[Event "Wch U16"]
[Site "Oropesa del Mar"]
[Date "1999.11.01"]
[Round "8"]
[White "Alcazar Jimenez, Jesus"]
[Black "Langheinrich, Ferenc"]
[Result "1/2-1/2"]
[WhiteElo "2177"]
[BlackElo "2325"]

1.e4 c5 2.Nf3 d6 3.d4 cxd4 4.Nxd4 Nf6 5.Nc3 Nc6 6.Bg5 e6 7.Qd2 a6 8.O-O-O h6
9.Be3 Be7 10.f3 Nxd4 11.Qxd4 e5 12.Qd2 Be6 13.h4 Rc8 14.Kb1 Qa5 15.Nd5 Qxd2
16.Nxf6+ gxf6 17.Rxd2 f5 18.g3 fxe4 19.fxe4 h5 20.Be2 Bc4 21.Bf3 Be6 22.Be2 f6
23.Rg1 Kd7 24.Bf2 Bg4 25.Bxg4+ hxg4 26.Re1 Ke6 27.Rd3 Rhf8 28.Rb3 Rc7 29.a4 f5
30.exf5+ Rxf5 31.Re2 d5 32.Rb6+ Bd6 33.b4 Kd7 34.Bc5 Bxc5 35.bxc5 Rxc5 36.Rxb7+ Kc6
37.Rg7 Rc4 38.Rg6+ Kc5 39.Rg5 Rb4+ 40.Kc1 Rf1+ 41.Kd2 Rd4+ 42.Kc3 Rf3+ 43.Kb2 Rb4+
44.Kc1 Rf1+ 45.Kd2 e4 46.h5 Rd4+ 47.Kc3 Rf3+ 48.Kb2 Rb4+ 49.Kc1 e3 50.c3 Rxa4
51.Kc2 Ra2+ 52.Kd3 Rxe2 53.Kxe2 Rxg3 54.h6 Rh3 55.Rxg4 Rxh6 56.Kxe3 a5 57.Kd3 Re6
58.Rh4 Re4 59.Rh8 a4 60.Rc8+ Kb5 61.Rd8  1/2-1/2

[Event "Chigorin mem"]
[Site "St Petersburg"]
[Date "1999.11.03"]
[Round "2"]
[White "Nouro, Mikael"]
[Black "Kovalevskaya, Ekaterina"]
[Result "1/2-1/2"]
[WhiteElo "2344"]
[BlackElo "2497"]

1.e4 c5 2.Nf3 d6 3.d4 cxd4 4.Nxd4 Nf6 5.Nc3 Nc6 6.Bg5 a6 7.Qd2 e6 8.O-O-O h6
9.Be3 Be7 10.f4 Bd7 11.Bd3 b5 12.Kb1 Qc7 13.h3 Nxd4 14.Bxd4 b4 15.Ne2 e5
16.Be3 Qb7 17.g4 Bc6 18.Ng3 O-O 19.fxe5 dxe5 20.Bxh6 Nxe4 21.Bxe4 Bxe4 22.Rhe1 Bg6
23.Be3 b3 24.Nf5 bxa2+ 25.Ka1 Rab8 26.Nxe7+ Qxe7 27.Bd4 f6 28.Bc3 Rfd8 29.Qe2 Qe6
30.g5 fxg5 31.Rxd8+ Rxd8 32.Qxe5 Qxe5 33.Rxe5 Bxc2 34.Kxa2 Rd7 35.Rxg5 Bd3
36.Ka3 Bb5 37.Kb4 Re7 38.Ka5 Rd7 39.h4 Kh7 40.Kb6 Re7 41.Kc5 Rd7 42.Rg4  1/2-1/2

[Event "Chigorin mem"]
[Site "St Petersburg"]
[Date "1999.11.03"]
[Round "2"]
[White "Babaev, Rashad"]
[Black "Aseev, Konstantin N"]
[Result "0-1"]
[WhiteElo "2353"]
[BlackElo "2533"]

1.e4 c5 2.Nf3 d6 3.d4 cxd4 4.Nxd4 Nf6 5.Nc3 Nc6 6.Bg5 e6 7.Qd2 Be7 8.O-O-O O-O
9.f4 Nxd4 10.Qxd4 Qc7 11.Kb1 Rd8 12.Bd3 Bd7 13.e5 dxe5 14.fxe5 Bc6 15.Qh4 Qxe5
16.Rhe1 Qa5 17.Bxh7+ Nxh7 18.Bxe7 Rxd1+ 19.Rxd1 Re8 20.g3 g5 21.Qb4 Qxb4
22.Bxb4 f5 23.Bd6 Kf7 24.b4 a6 25.a4 Rd8 26.b5 axb5 27.axb5 Be8 28.Rd3 Nf6
29.h3 Nd5 30.Be5 Nxc3+ 31.Rxc3 Rd1+ 32.Kb2 Rd5 33.Re3 Rxb5+ 34.Kc3 Rb1 35.h4 gxh4
36.gxh4 Rh1 37.Rg3 Bc6 38.Rg7+ Kf8 39.Rh7 Re1 40.Bd6+ Kg8 41.Re7 Re3+ 42.Kd2 Re4
43.c3 Bd5 44.h5 Rh4 45.Re8+ Kf7 46.Rh8 Kf6 47.h6 e5 48.h7 Bf7 49.Rb8 Rh2+
50.Ke3 Rxh7 51.Rxb7 f4+ 52.Kf2 Rh2+ 53.Ke1 Bc4 54.Rb8 Re2+ 55.Kd1 Ke6 56.Bc5 Kd5
57.Bb6 Kc6 58.Ba7 Ra2 59.Rc8+ Kd7 60.Rxc4 Rxa7 61.Ke2 Rc7 62.Re4 Ke6  0-1

[Event "Chigorin mem"]
[Site "St Petersburg"]
[Date "1999.11.04"]
[Round "3"]
[White "Shalimov, Valery"]
[Black "Shvedov, Sergey"]
[Result "1/2-1/2"]
[WhiteElo "2423"]
[BlackElo "2340"]

1.e4 c5 2.Nf3 Nc6 3.d4 cxd4 4.Nxd4 Nf6 5.Nc3 d6 6.Bg5 Bd7 7.Qd2 Rc8 8.O-O-O Nxd4
9.Qxd4 Qa5 10.f4 h6 11.Bxf6 gxf6 12.Be2 h5 13.Kb1 Qc5 14.Qd3 e6 15.Rhf1 a6
16.e5 f5 17.Bf3 d5 18.Bxd5 exd5 19.Nxd5 Be6 20.Nf6+ Ke7 21.Nd7 Qxc2+ 22.Qxc2 Rxc2
23.Nxf8 Rxg2 24.Nxe6 fxe6 25.Rd6 Rd8 26.Rb6 Rd7 27.h3 Rg3 28.Rc1 Rxh3 29.Rc8 Rf3
30.Rh8 Rxf4 31.Rxh5 Re4 32.Rh7+ Kd8 33.Rh8+ Ke7 34.Rh7+ Kd8 35.Rh8+ Kc7 36.Rxe6 f4
37.Rf8 Re1+ 38.Kc2 Re2+ 39.Kb3 Re3+ 40.Kc4 Re4+ 41.Kc3 Re3+ 42.Kc4 f3 43.b3 Re4+
44.Kc3 b5 45.Rd6 Rxd6 46.exd6+ Kxd6 47.Rxf3  1/2-1/2

[Event "Budapest FS11 IM"]
[Site "Budapest"]
[Date "1999.11.07"]
[Round "2"]
[White "Rajlich, Vasik G"]
[Black "Dembo, Yelena"]
[Result "0-1"]
[WhiteElo "2297"]
[BlackElo "2244"]

1.e4 c5 2.Nf3 Nc6 3.d4 cxd4 4.Nxd4 Nf6 5.Nc3 d6 6.Bg5 e6 7.Qd2 Be7 8.O-O-O O-O
9.f4 Nxd4 10.Qxd4 Qa5 11.Kb1 Rd8 12.Qd2 Qb6 13.Bd3 h6 14.h4 Kf8 15.e5 Ng8
16.g4 Bd7 17.Bxe7+ Nxe7 18.Rhf1 Rac8 19.exd6 Qxd6 20.Ne4 Qb6 21.Rde1 a5 22.f5 exf5
23.Nc3 Qd6 24.gxf5 f6 25.Ne4 Qb6 26.Ng3 Nd5 27.Nh5 Nc3+ 28.Ka1 Na4 29.c3 Be8
30.Nf4 Bf7 31.Qc2 Nc5 32.Be2 a4 33.Bh5 Nb3+ 34.Kb1 Nd2+ 35.Ka1 Nb3+ 36.Kb1 Nd2+
37.Ka1 Bxh5 38.Nxh5 Nxf1 39.Qg2 Rc7 40.Rxf1 Rcd7 41.Qg4 a3 42.bxa3 Qc5 43.Rc1 Qxa3
44.Kb1 Ra8 45.Rc2 Re8 46.Rc1 Re5 47.Qc4 Rc5 48.Qe2 Rxf5 49.Qc4 Rc5 50.Qe2 Rdd5
51.Re1 Rb5+  0-1

[Event "28th It"]
[Site "Lazarevac YUG"]
[Date "1999.11.07"]
[Round "7"]
[White "Ninov,N"]
[Black "Vuckovic,Bo"]
[Result "1/2-1/2"]
[WhiteElo "2454"]
[BlackElo "2433"]

1.e4 c5 2.Nf3 d6 3.d4 cxd4 4.Nxd4 Nf6 5.Nc3 Nc6 6.Bg5 e6 7.Qd2 a6 8.O-O-O Nxd4
9.Qxd4 Be7 10.f4 b5 11.Be2 Bb7 12.Bf3 Rc8 13.Bxf6 gxf6 14.f5 Rc5 15.fxe6 fxe6
16.Kb1 Qc7 17.Ne2 Kf7 18.Qd3 Re5 19.Nf4 Qc4 20.Rhe1 Rc8 21.Bh5+ Kf8 22.b3 Qxd3
23.cxd3 f5 24.exf5 exf5 25.Ne6+ Kg8 26.Nd4 Bf6 27.Bf3 Bxf3 28.Nxf3 Rxe1 29.Rxe1 Kf7
30.Rc1 Rc5 31.b4 Rc3 32.Rxc3 Bxc3 33.a3 Bf6 34.Kc2 Ke6 35.Kb3 Kd5 36.Kc2 Be5
37.Kb3 Bf4 38.a4 Be5 39.axb5 axb5 40.Kc2 Bf6 41.Kd2 Be5  1/2-1/2

[Event "28th It"]
[Site "Lazarevac YUG"]
[Date "1999.11.07"]
[Round "7"]
[White "Govedarica,R"]
[Black "Solak,D"]
[Result "0-1"]
[WhiteElo "2476"]
[BlackElo "2457"]

1.e4 c5 2.Nf3 d6 3.d4 cxd4 4.Nxd4 Nf6 5.Nc3 Nc6 6.Bg5 e6 7.Qd2 a6 8.O-O-O h6
9.Be3 Be7 10.f3 Nxd4 11.Bxd4 b5 12.Qf2 Bd7 13.Bb6 Qb8 14.Bd3 b4 15.Ne2 d5
16.Ng3 O-O 17.Rhe1 dxe4 18.Bxe4 Nxe4 19.fxe4 Bc6 20.Kb1 a5 21.Bd4 Qb5 22.Qf3 g6
23.Bf6 Bxf6 24.Qxf6 a4 25.h4 b3 26.cxb3 axb3 27.a3 Kh7 28.Re3 Rab8 29.Rdd3 Qa5
30.Rxb3 Rxb3 31.Rxb3 Bxe4+ 32.Nxe4 Qe1+ 33.Ka2 Qxe4 34.Rf3 Kg8 35.Rf2 e5
36.h5 Qd5+ 37.b3 Rb8 38.Rb2 Ra8 39.Qe7 gxh5 40.Rf2 Rb8 41.Rb2 e4 42.a4 Rb6
43.Qc7 Rc6 44.Qg3+ Rg6 45.Qe3 Re6 46.Rc2 Qg5 47.Qd4 Kh7 48.b4 e3 49.Re2 Qf5
50.a5 h4 51.Qc4 Re4 52.Qd3 Kg7 53.a6 Qe6+ 54.Ka3 Qe7 55.Qc3+ Kh7 56.Qc5 Qf6
57.a7 Qa6+ 58.Kb3 Qd3+ 59.Qc3 Qd5+ 60.Kb2 Qb7 61.Qa3 Qb5 62.Rxe3 Rxb4+ 63.Kc3 Qc5+
64.Kd2 Rd4+ 65.Ke1 Qc2 66.Kf1 Qd1+ 67.Re1 Rf4+ 68.Qf3 Rxf3+ 69.gxf3 Qxf3+  0-1